000 00577nam a2200181Ia 4500
008 100921s9999 xx 000 0 und d
082 _b26286
_a891.463 थ 94
100 _aनिसळ शांता.
245 _aसुरभी.
260 _bअनिरूध्द साहित्य,पुणे.
_c1994
300 _a159
_bचेतक पुस्तकालय,सांगली
365 _b60
520 _aललित-कथा.
630 _aसुरभी.
650 _aललित-कथा.
730 _aसुरभी.
942 _cBOOK
999 _c775399
_d775396